MARC

LEADER 00000nam^a2200000^a^4500
001 000182789
005 20250521000000.0
009 20260310102017.585
020 |a 970-777-083-X 
020 |a 968-834-690-X 
037 |a Acervo ITESO - Biblioteca 
041 |a ESP 
082 |a 944. 36  |b LOA 
100 |a Loaeza, Guadalupe  |e (autor) 
245 1 0 |a Siempre estará París___ /  |c G. Loaeza. 
264 4 |a México :  |b Océano ;  |a Jalapa, México :  |b Universidad Veracruzana,  |c 2005, c2005 
300 |a 341 p. +  |e 1 disco compacto de computadora 
336 |a texto  |b txt  |2 rdacontenido 
337 |a sin mediación  |b n  |2 rdamedio 
338 |a volumen  |b nc  |2 rdasoporte 
440 1 |a (Para Estar en el Mundo) 
440 1 |a (Biblioteca Guadalupe Loaeza) 
545 0 |a Guadalupe Loaeza (1946), periodista y escritora mexicana nacida en la ciudad de México. Recibió la Orden de la Legión de Honor en grado de caballero del gobierno francés en 2003. Ha colaborado en diversos medios de comunicación como la radio, televisión, periódicos y revistas. Sus escritos retratan la vida cotidiana, transformaciones y aspiraciones de las clases sociales de México; y recrean los estilos de vida y tendencias de diversos personajes de la cultura o la política, sean históricos o emblemáticos. Entre sus obras tenemos: los cuentos Primero las damas y Miroslava (mismo que inspiró el guión de la película homónima de Alejandro Pelayo); las compilaciones de sus colaboraciones periodísticas Las niñas bien (1985); Obsesiones (1994); Sin cuenta (1996); Detrás del espejo; Las reinas de Polanco (1997); Los grillos y otras grillas (1997); las obras en que funde ambos géneros: Mujeres maravillosas (1997); Compro, luego existo (1997), la novela Las yeguas finas (2003) y De mexicanos como la lotería: anécdotas que marcaron su lugar en la historia (2009). 
649 |a XX 
650 |a Escritores Mexicanos -  |x Memorias 
650 |a Mujeres Mexicanas -  |x Memorias 
650 |a Memorias Mexicanas 
650 |a Crónicas Mexicanas 
650 |a Vida Cotidiana -  |z París, Francia 
650 |a Vida Cotidiana -  |z Francia 
650 |a Prácticas Culturales -  |z París, Francia 
650 |a Prácticas Culturales -  |z Francia 
650 |a Espacios Sociales -  |z París, Francia 
650 |a Espacios Sociales -  |z Francia 
650 |a Arquitectura -  |z París, Francia 
650 |a Arquitectura Francesa -  |x Historia y Crítica 
650 |a Literatura Francesa -  |x Historia y Crítica 
650 |a Literatura Mexicana -  |y Siglo XXI 
650 |a Literatura de Mujeres -  |z México 
650 |a París, Francia -  |x Historia 
650 |a Francia -  |x Historia 
650 |a París, Francia -  |x Descripción 
650 |a Francia -  |x Descripción 
650 |a Loaeza, Guadalupe -  |x Tema Principal 
910 |a Fondo General 
920 |a Impresos - Libros 
930 |a Reserva Especial 
905 |a 103 
901 |a 0500122521  |b IT1  |c REE  |u 20250521 
901 |a 0500133322  |b IT2  |c SWB  |u 20250521 
902 |a https://opac.biblio.iteso.mx/vufind/Record/000182789